|
|
|
|
| LEADER |
00672cam a2200181 7i4500 |
| 001 |
0000027833 |
| 005 |
20190507090000.0 |
| 020 |
|
|
|a 9789832535065 (pbk.)
|
| 090 |
0 |
0 |
|a LA1236
|b .M58 2003
|
| 100 |
1 |
|
|a M. Bakri Musa
|
| 245 |
1 |
3 |
|a An education system worthy of Malaysia
|c M. Bakri Musa.
|
| 260 |
|
|
|a Petaling Jaya, Selangor:
|b SIRD,
|c 2003.
|
| 300 |
|
|
|a xii, 307 p.;
|c 23 cm.
|
| 504 |
|
|
|a Includes bibliographical reference and index
|
| 650 |
0 |
0 |
|a Education --
|x History --
|z Malaysia
|
| 999 |
|
|
|a 0000036908
|b BOK
|c OPEN SHELF
|e 1st Floor, Bestari Jaya
|
| 999 |
|
|
|a 0000066194
|b BOK
|c OPEN SHELF
|e 1st Floor, Bestari Jaya
|
| 999 |
|
|
|a 0000066202
|b BOK
|c OPEN SHELF
|e 1st Floor, Bestari Jaya
|